• 首页
  • 本馆介绍
  • 公告通知
  • 最新文献
  • 馆藏检索
  • 电子资源
  • 读者导购
  • 参考咨询
  • 我的图书馆
  • 登录
  • 详细信息显示
  • 放入我的书架
  • 预约/预借图书
  • 作者相关作品
  • 分类相关作品
  • 丛书相关作品
  • 出版社相关作品

书目信息

  • 表格格式
  • 工作单格式
  • 卡片格式
题名:
新疆一本就GO
    
 
作者: ;一本就GO编辑部 编著
分册:  
出版信息: 桂林   广西师范大学出版社  2011.07
页数: 224页
开本: 22cm
丛书名: 考拉旅行
单 册:
中图分类: K928.945
科图分类:
主题词: 导游--新疆 , 导游
电子资源:
ISBN: 978-7-5495-0646-0
000 00994oam2 2200277 45
001 512
005 20120604092506.04
010    @a978-7-5495-0646-0@dCNY39.80
100    @a20120328d2011 em y0chiy50 ea
101 0  @achi
102    @aCN@b450000
105    @aab z 001yy
106    @ar
200 1  @a新疆一本就GO@AXin Jiang Yi Ben Jiu GO@e2011-2012最新全彩版@E2011-2012 Zui Xin Quan Cai Ban@f《一本就GO》编辑部编著@F《 Yi Ben Jiu GO》 Bian Ji Bu Bian Zhu
210    @a桂林@c广西师范大学出版社@d2011.07
215    @a224页@c图,地图@d22cm
225 2  @a考拉旅行
330    @a本书主要内容包括:大十字、二道桥新巴扎、国际大巴扎、宴艺大剧院、新疆丝绸之路博物馆、新疆民街、五一路夜市等。
461  0 @12001 @a考拉旅行
517 1  @a2011-2012最新全彩版@A2011-2012 Zui Xin Quan Cai Ban
606 0  @a导游@y新疆
606 0  @a导游
690    @aK928.945@v4
711 02 @a一本就GO编辑部@AYi Ben Jiu GO Bian Ji Bu@4编著
801  0 @aCN@bTSTCL@c20120328
905    @b0812400-04@dK928.945@e570@f5
    
    新疆一本就GO:2011-2012最新全彩版/《一本就GO》编辑部编著.-桂林:广西师范大学出版社,2011.07
    224页:图,地图;22cm.-(考拉旅行)
    
    
    ISBN 978-7-5495-0646-0:CNY39.80
    本书主要内容包括:大十字、二道桥新巴扎、国际大巴扎、宴艺大剧院、新疆丝绸之路博物馆、新疆民街、五一路夜市等。
●
相关链接 在E读中查询图书 在五车中查询图书 在当当中查询图书 在豆瓣中查询图书


正题名:新疆一本就GO     索取号:K928.945/570         预约/预借

序号 登录号 条形码 馆藏地/架位号 状态 备注
1 0812400   208124000   第二样本阅览室/ [索取号:K928.945/570] 在馆    
2 0812401   208124019   第二借阅区/ [索取号:K928.945/570] 在馆    
3 0812402   208124028   第二借阅区/ [索取号:K928.945/570] 在馆    
4 0812403   208124037   第二借阅区/ [索取号:K928.945/570] 在馆    
5 0812404   208124046   第二借阅区/ [索取号:K928.945/570] 在馆    
唐山师范学院图书馆 欢迎您!
大连网信软件有限公司© 版权所有